| 000 | 00698nam a2200241 a 4500 | ||
|---|---|---|---|
| 005 | 20231128063616.0 | ||
| 008 | 991125s1996 es 000 0 spa u | ||
| 020 | _a8489666105 | ||
| 035 | _aUPN01000050537 | ||
| 049 | _aCG | ||
| 050 | 4 |
_aPQ7819 _bA7.7 1996 |
|
| 100 | 1 | _aArguedas, Alcides | |
| 245 | 1 | 0 |
_aRaza de bronce-Wuata Wuara / _cAlcides Arguedas ; ed. Antonio Lorente Medina. |
| 250 | _a2a ed. | ||
| 260 |
_aMadrid : _bALLCA XX ; _bCNCA, _c1996. |
||
| 300 | _a574 p. | ||
| 440 | 0 |
_aArchivos ; _v11 |
|
| 650 | 4 |
_aIndígenas de Bolivia _914435 |
|
| 650 | 4 |
_aIndígenas de Perú _916610 |
|
| 650 | 4 |
_aNOVELA BOLIVIANA _916434 |
|
| 700 | 1 |
_aLorente Medina, Antonio _eed. |
|
| 905 | _aLibro | ||
| 999 |
_c50537 _d50537 |
||